| 000 | 01570nam a22003977a 4500 | ||
|---|---|---|---|
| 003 | CHAP | ||
| 005 | 20220329143904.0 | ||
| 008 | 120608s2011 mx r 00010 spa d | ||
| 010 | _a103307 | ||
| 011 | _a104279 | ||
| 035 | _a114969 | ||
| 040 | _cCHAP | ||
| 090 | _aTesis | ||
| 100 | 1 |
_aBenítez Espinosa, Rosa María. _911640 |
|
| 245 | 1 | 0 |
_aCoacervación compleja de pectina de bajo metoxilo y quitosano : _h[En línea] _bcaracterización reológica de los coacervados _c/por Rosa María Benítez Espinoza |
| 260 |
_aChapingo, Méx. : _bEl autor, _c2011 |
||
| 500 | _aPara ver el contenido del material haga clic en la liga | ||
| 502 | _aTesis (M.C. en Ciencia y Tecnología Agroalimentaria) -- UACH. Departamento de Ingeniería Industrial | ||
| 590 |
_aALEPH _b10 _c20130110 _lUCH01 _h1544 |
||
| 590 |
_aBATCH-UPD _b10 _c20130110 _lUCH01 _h1521 |
||
| 590 |
_aBATCH-UPD _b10 _c20130410 _lUCH01 _h0933 |
||
| 590 |
_aBATCH-UPD _b10 _c20130914 _lUCH01 _h0604 |
||
| 590 |
_aBATCH-UPD _b10 _c20140324 _lUCH01 _h1530 |
||
| 590 |
_aBATCH-UPD _b10 _c20141002 _lUCH01 _h0853 |
||
| 590 |
_aBATCH _b00 _c20181121 _lUCH01 _h0759 |
||
| 590 |
_aCONVERSION _b10 _c20130109 _lUCH01 _h1357 |
||
| 650 | 0 | 4 |
_aPectina. _986507 |
| 650 | 0 | 4 |
_aQuitosano. _993548 |
| 650 | 0 | 4 |
_aReología. _995982 |
| 856 |
_3Finding aid _uhttp://10.13.5.2/tesis/114969.pdf _zTeclea aqui |
||
| 856 |
_a1 _n0000920 |
||
| 901 | _aBK | ||
| 942 | _cFOLL | ||
| 949 |
_aTesis _bBC _cTES _d33724002321058 _eTS1 _gDonaciØn _h53419 _i114969 _st |
||
| 949 |
_aTesis _bBC _cTES _d33724002321090 _eTS2 _fc.2 _gDonaciØn _h53420 _i114969 _st |
||
| 999 |
_c103307 _d103307 |
||